000 00470nam a2200193Ia 4500
005 20240902113544.0
008 131103s9999 xx 000 0 und d
020 _cRs.30.00
040 _aLoreto College
041 _aEnglish
082 _a891.43
_bYAD
100 _aYadav, Ram Narayan
245 _aHindi sudha
_b For class VI
260 _aNorth 24 Parganus
_bR.K. Prakashan
300 _a70p.
650 _aHindi Literature
850 _aLCBED
942 _cBK
999 _c38161
_d88640